An Introduction to Quality Assurance for the Retailers. (Record no. 2508)

MARC details
005 - DATE AND TIME OF LATEST TRANSACTION
control field 20250522112756.0
020 ## - INTERNATIONAL STANDARD BOOK NUMBER
International Standard Book Number 978-81-224-2266-5
082 ## - DEWEY DECIMAL CLASSIFICATION NUMBER
Classification number 658.562 MEH
100 ## - MAIN ENTRY--PERSONAL NAME
Author name MEHTA, P.V.
245 ## - TITLE STATEMENT
Title An Introduction to Quality Assurance for the Retailers.
260 ## - PUBLICATION, DISTRIBUTION, ETC.
Place of publication, distribution, etc. New Delhi,
Name of publisher, distributor, etc. New Age,
Date of publication, distribution, etc. 2008.
300 ## - PHYSICAL DESCRIPTION
Extent xxi, 395p.: ill.; figure, picture , table
Other physical details Index
Dimensions 23cm.
856 ## - ELECTRONIC LOCATION AND ACCESS
Link text Access Online Book
Electronic name Quality Assurance
Path www.newagepublishers.com
942 ## - ADDED ENTRY ELEMENTS (KOHA)
Source of classification or shelving scheme Dewey Decimal Classification
Koha item type Books
Holdings
Date last seen Total checkouts Full call number Barcode Cost, replacement price Price effective from Koha item type Lost status Source of classification or shelving scheme Damaged status Not for loan Withdrawn status Home library Current library Shelving location Date acquired Cost, normal purchase price
05/22/2025   658.562 MEH 0000009460 38052.00 05/22/2025 Books   Dewey Decimal Classification       College of Business Education Main Library College of Business Education Main Library General Collection 07/08/2016 12684.00
05/22/2025   658.562 MEH 0000009461 38052.00 05/22/2025 Books   Dewey Decimal Classification       College of Business Education Main Library College of Business Education Main Library General Collection 07/08/2016 12684.00
05/22/2025   658.562 MEH 0000009462 38052.00 05/22/2025 Books   Dewey Decimal Classification       College of Business Education Main Library College of Business Education Main Library General Collection 07/08/2016 12684.00